| 000 | 00532nam a2200193Ia 4500 | ||
|---|---|---|---|
| 001 | 43035 | ||
| 008 | 170217n ii |||gr||||Z||||||903 | ||
| 082 | _a321.4 | ||
| 100 |
_aJayal, Niraja Gopal ., _eAuthor. |
||
| 245 | 0 |
_aDemocracy in India / _cNiraja Gopal Jayal. _hTextual Documents |
|
| 250 | _a1st ed / | ||
| 260 |
_aBombay : _bOxford University Press , _c2007. |
||
| 300 |
_a571pg ; _c22cm. |
||
| 653 | _aPolitical science | ||
| 653 | _aPG-Pol Sc | ||
| 653 | _aDemocracy | ||
| 653 | _aG-Political science | ||
| 942 |
_2ddc _cBK |
||
| 999 |
_c43001 _d43001 |
||